| 000 | 01179nam a22002657a 4500 | ||
|---|---|---|---|
| 003 | OSt | ||
| 005 | 20250702103421.0 | ||
| 008 | 210914b2011 ck ||||gr|||| 00| 0 spa d | ||
| 020 | _a9789589993545 | ||
| 040 |
_aCO-JMCR _cCO-JMCR |
||
| 041 | 0 | _aspa | |
| 082 | 0 | 4 |
_aJ-P _bMEMm _223 |
| 100 | 1 |
_aVanín, Alfredo, _eprologuista _9936 |
|
| 245 | 1 | 0 |
_aMemorias palenqueras y raizales / _cprólogo de Alfredo Vanín |
| 260 |
_aBogotá : _bAlcaldía Mayor de Bogotá : Instituto Distrital de las Artes-Idartes, _c2011 |
||
| 300 |
_a77 páginas ; _c17 cm. |
||
| 490 | 0 |
_aLibro al viento ; _v79 |
|
| 500 | _a"Fragmentos traducidos de la lengua palenquera y el creole" portada | ||
| 505 | 0 |
_tBatata / _rJavier Burgos Cantor _tEl bullerengue es del cielo / _rManuel Burgos Navarro _tEl archipiélago de San Andrés y Providencia: entre la negridad y los colores / _rJairo Archbold Núñez _tNavidad con Tante Friday / _rHazel Robinson Abrahams |
|
| 650 | 1 | 4 |
_aRaizales _xHistoria _zSan Andrés (Isla, Colombia) _940403 |
| 650 | 2 | 4 |
_aAfrocolombianos _xHistoria _940404 |
| 650 | 2 | 4 |
_aEsclavitud _zColombia _940405 |
| 650 | 2 | 4 |
_aNavidad _vRitos y ceremonias _zColombia _940406 |
| 942 |
_2ddc _cBK |
||
| 999 |
_c15596 _d15596 |
||